[Event "XII Festival Golfo di Napoli"]
[Site "Napoli ITA"]
[Date "1998.10.??"]
[Round "?"]
[White "Aleksic, Nenad"]
[Black "Guanciale, Orazio"]
[Result "1/2-1/2"]
[WhiteElo "2445"]
[BlackElo "1789"]
[PlyCount "80"]
[EventDate "1998.10.25"]

1. e4 e6 2. Nf3 d5 3. Nc3 d4 4. Ne2 c5 5. c3 Nf6 6. d3 Nc6 7. g3 g6 8. c4 Bg7
9. Bg2 O-O 10. O-O h6 11. Ne1 e5 12. h3 a5 13. f4 Bd7 14. Nf3 Ne8 15. fxe5 Kh7
16. Bf4 g5 17. Bc1 Nxe5 18. g4 Nxf3+ 19. Rxf3 Be5 20. Ng3 Ng7 21. Qf1 f6 22.
Qe1 Qb8 23. a4 Qe8 24. b3 b6 25. Ra2 Ra7 26. Re2 Bc8 27. Bd2 Rff7 28. Bf1 Kg8
29. Rg2 Kf8 30. Qc1 Ke7 31. Be1 Kd8 32. Be2 Be6 33. Rf1 Qd7 34. Nf5 h5 35. Bg3
Bxg3 36. Rxg3 Bxf5 37. exf5 h4 38. Rg2 Re7 39. Qd2 Qe8 40. Bf3 Re5 1/2-1/2

[Event "XII Festival Golfo di Napoli"]
[Site "Napoli ITA"]
[Date "1998.10.??"]
[Round "?"]
[White "Antignani, Luigi"]
[Black "Pagano, Luigi"]
[Result "1-0"]
[WhiteElo "2060"]
[BlackElo "1842"]
[PlyCount "61"]
[EventDate "1998.10.25"]

1. Nf3 Nf6 2. g3 g6 3. Bg2 Bg7 4. O-O O-O 5. d3 d6 6. e4 e5 7. Nc3 c6 8. Nh4
Bg4 9. f3 Bd7 10. f4 Ng4 11. Bf3 Qb6+ 12. Kg2 Ne3+ 13. Bxe3 Qxe3 14. Qe2 Qb6
15. Rab1 exf4 16. gxf4 Qd8 17. Kg3 g5 18. Nf5 gxf4+ 19. Kg2 Bxf5 20. exf5 Re8
21. Qf2 Nd7 22. Kh1 Kh8 23. Rg1 Ne5 24. Bh5 Bh6 25. d4 Nd7 26. Bxf7 Rf8 27. Be6
d5 28. Rg2 Nb6 29. Rbg1 Qf6 30. Rg4 Nc4 31. Qg2 1-0

[Event "XII Festival Golfo di Napoli"]
[Site "Napoli ITA"]
[Date "1998.10.??"]
[Round "?"]
[White "Calabro', Marco"]
[Black "Ficco, Corrado"]
[Result "0-1"]
[WhiteElo "2110"]
[BlackElo "2175"]
[PlyCount "73"]
[EventDate "1998.10.25"]

1. Nf3 Nf6 2. g3 d5 3. c4 d4 4. Bg2 Nc6 5. O-O e5 6. d3 Be7 7. a3 a5 8. b3 O-O
9. Nbd2 h6 10. Rb1 Re8 11. Qc2 Be6 12. c5 Nd5 13. Bb2 f5 14. Rbe1 f4 15. Ne4
Rf8 16. Bc1 Qd7 17. e3 fxe3 18. fxe3 dxe3 19. Bxe3 Nxe3 20. Rxe3 Nd4 21. Qb2
Nxf3+ 22. Rfxf3 Rxf3 23. Rxf3 Qd4+ 24. Qxd4 exd4 25. b4 axb4 26. axb4 Ra4 27.
b5 Rb4 28. c6 Rxb5 29. cxb7 Rxb7 30. Rf1 Rb3 31. Rc1 Rxd3 32. Rxc7 Bf8 33. Kf2
Ra3 34. Rc2 d3 35. Rb2 Bb3 36. Ke3 Bc4 37. Bf3 0-1

[Event "XII Festival Golfo di Napoli"]
[Site "Napoli ITA"]
[Date "1998.10.??"]
[Round "?"]
[White "Calabro', Marco"]
[Black "Guanciale, Orazio"]
[Result "1-0"]
[WhiteElo "2110"]
[BlackElo "1789"]
[PlyCount "65"]
[EventDate "1998.10.25"]

1. e4 e6 2. d4 d5 3. e5 c5 4. c3 Nc6 5. Nf3 Qb6 6. a3 a5 7. Bd3 a4 8. O-O Bd7
9. Bc2 Nh6 10. h3 Nf5 11. dxc5 Bxc5 12. Bxf5 exf5 13. Qxd5 Be6 14. Qd3 O-O 15.
Qe2 Na5 16. Nbd2 Rad8 17. Ng5 Bd5 18. c4 Bc6 19. e6 f6 20. e7 Bxe7 21. Qe6+ Kh8
22. Nf7+ Rxf7 23. Qxf7 Bc5 24. Qh5 Rd3 25. Qxf5 Rd8 26. Ne4 Bd4 27. Bf4 g6 28.
Qe6 Re8 29. Qf7 Qd8 30. Bh6 Rg8 31. Rfe1 g5 32. Rad1 Bxe4 33. Rxe4 1-0

[Event "XII Festival Golfo di Napoli"]
[Site "Napoli ITA"]
[Date "1998.10.??"]
[Round "?"]
[White "Calabro', Marco"]
[Black "Improta, Giovanni"]
[Result "1-0"]
[WhiteElo "2110"]
[BlackElo "1663"]
[PlyCount "65"]
[EventDate "1998.10.25"]

1. e4 c6 2. d4 d5 3. exd5 cxd5 4. Bd3 g6 5. c3 Be6 6. Nf3 Nc6 7. O-O Bg4 8.
Nbd2 e6 9. b3 Bxf3 10. Nxf3 Bd6 11. Qe2 Qc7 12. Re1 O-O-O 13. b4 Re8 14. Ne5
Nxe5 15. dxe5 Be7 16. Bd2 Kb8 17. a4 Rc8 18. a5 Ka8 19. b5 b6 20. axb6 Qxb6 21.
Ra6 Qd8 22. b6 Bc5 23. Rxa7+ Kb8 24. Ba6 Rc6 25. Rb7+ Ka8 26. Ra1 Rxb6 27. Rxf7
Ne7 28. Be3 Qc7 29. Qa2 Bxe3 30. Bc8+ Ra6 31. Qxa6+ Ba7 32. Rxe7 Qxe7 33. Qc6+
1-0

[Event "XII Festival Golfo di Napoli"]
[Site "Napoli ITA"]
[Date "1998.10.??"]
[Round "?"]
[White "Calabro', Marco"]
[Black "Leveque, Sergio"]
[Result "1-0"]
[WhiteElo "2110"]
[BlackElo "1711"]
[PlyCount "101"]
[EventDate "1998.10.25"]

1. f4 c5 2. Nf3 Nc6 3. b3 Nf6 4. e3 g6 5. Bb2 Bg7 6. Bb5 d6 7. O-O Bd7 8. Re1
a6 9. Bf1 O-O 10. a4 Rb8 11. Na3 Nb4 12. e4 b5 13. c3 Nh5 14. d4 Nc6 15. axb5
axb5 16. d5 b4 17. dxc6 bxa3 18. Rxa3 Bxc6 19. Qd2 Qb6 20. Bc4 Ra8 21. Rxa8
Rxa8 22. Ng5 Rf8 23. e5 dxe5 24. fxe5 Bh6 25. g4 Ng7 26. Rf1 e6 27. Bc1 Ba8 28.
Qd7 Qc6 29. Qxc6 Bxc6 30. h4 Bxg5 31. Bxg5 Ra8 32. Rd1 h5 33. gxh5 Nxh5 34.
Rd8+ Rxd8 35. Bxd8 Ng3 36. Bd3 Ne4 37. Bxe4 Bxe4 38. Be7 Bc2 39. b4 cxb4 40.
cxb4 Be4 41. Kf2 Kg7 42. Ke3 Bd5 43. b5 Kh6 44. Kd4 Kh5 45. Kc5 Kg4 46. Kd6 Kf4
47. Bf6 Ke4 48. b6 Kd4 49. Kc7 Kc5 50. b7 Bxb7 51. Kxb7 1-0

[Event "XII Festival Golfo di Napoli"]
[Site "Napoli ITA"]
[Date "1998.10.??"]
[Round "?"]
[White "Castrogiovanni, Carlo"]
[Black "Aleksic, Nenad"]
[Result "0-1"]
[WhiteElo "2045"]
[BlackElo "2445"]
[PlyCount "50"]
[EventDate "1998.10.25"]

1. Nf3 Nf6 2. c4 c5 3. Nc3 e6 4. e4 d6 5. g3 b6 6. Bg2 Bb7 7. d3 Be7 8. O-O O-O
9. a3 Nc6 10. Rb1 Qc7 11. Bf4 Rad8 12. Qe2 Nd7 13. b4 Nde5 14. Rfd1 Nxf3+ 15.
Bxf3 Nd4 16. Qe3 e5 17. Nd5 Bxd5 18. cxd5 exf4 19. gxf4 Qd7 20. Bg2 Qg4 21. Kh1
Rfe8 22. Rg1 Bf8 23. Rb2 g6 24. bxc5 dxc5 25. a4 Bh6 0-1

[Event "XII Festival Golfo di Napoli"]
[Site "Napoli ITA"]
[Date "1998.10.??"]
[Round "?"]
[White "Castrogiovanni, Carlo"]
[Black "Collutiis, Duilio"]
[Result "1/2-1/2"]
[WhiteElo "2045"]
[BlackElo "2185"]
[PlyCount "57"]
[EventDate "1998.10.25"]

1. Nf3 d5 2. d4 Nf6 3. c4 e6 4. Nc3 c6 5. e3 Nbd7 6. Bd3 dxc4 7. Bxc4 b5 8. Bd3
Bb7 9. O-O b4 10. Na4 c5 11. a3 a5 12. Qe2 Be7 13. dxc5 Nxc5 14. Nxc5 Bxc5 15.
Bb5+ Ke7 16. b3 Qb6 17. a4 Rhd8 18. Bb2 Rac8 19. Ne5 Qa7 20. Rfd1 Qa8 21. Rxd8
Rxd8 22. Rc1 Rc8 23. Nd3 Bb6 24. Rxc8 Qxc8 25. Ne5 Qa8 26. Nc4 Bc6 27. f3 Qb8
28. g3 Kf8 29. Ne5 1/2-1/2

[Event "XII Festival Golfo di Napoli"]
[Site "Napoli ITA"]
[Date "1998.10.??"]
[Round "?"]
[White "Collutiis, Duilio"]
[Black "Calabro', Marco"]
[Result "1-0"]
[WhiteElo "2185"]
[BlackElo "2110"]
[PlyCount "58"]
[EventDate "1998.10.25"]

1. e4 e5 2. Nf3 Nf6 3. Nc3 Nc6 4. Bb5 Bb4 5. d3 d6 6. O-O O-O 7. Bg5 Bxc3 8.
bxc3 Qe7 9. Nh4 h6 10. Bxf6 Qxf6 11. g3 Ne7 12. d4 Ng6 13. Ng2 Bh3 14. Re1 c5
15. Ne3 Qg5 16. Bf1 Bxf1 17. Rxf1 h5 18. Rb1 b6 19. Nf5 Rad8 20. h4 Qg4 21. f3
Qh3 22. Rf2 exd4 23. Rh2 Qxh2+ 24. Kxh2 dxc3 25. Qd3 Ne5 26. Qxc3 g6 27. Ne7+
Kh7 28. Kg2 f5 29. exf5 gxf5 1-0

[Event "XII Festival Golfo di Napoli"]
[Site "Napoli ITA"]
[Date "1998.10.??"]
[Round "?"]
[White "Collutiis, Duilio"]
[Black "Messina, Enrico"]
[Result "1-0"]
[WhiteElo "2185"]
[BlackElo "2100"]
[PlyCount "107"]
[EventDate "1998.10.25"]

1. e4 c5 2. Nc3 Nc6 3. f4 g6 4. Nf3 Bg7 5. Bc4 e6 6. d3 Nge7 7. e5 d5 8. exd6
Qxd6 9. O-O O-O 10. Ne4 Qd8 11. c3 b6 12. Qe2 Bb7 13. Bb3 Qc7 14. Bd2 Rad8 15.
Rad1 a5 16. Bc1 Ba6 17. a4 Nd5 18. g4 Nxf4 19. Bxf4 Qxf4 20. Nfg5 Qc7 21. Rxf7
Rxf7 22. Bxe6 Ne5 23. Nxf7 Nxf7 24. Ng5 Qe5 25. Bxf7+ Kf8 26. Qxe5 Bxe5 27.
Bxg6 hxg6 28. Ne6+ Ke8 29. Nxd8 Kxd8 30. d4 cxd4 31. cxd4 Bd6 32. h3 Kd7 33.
Kf2 g5 34. Ke3 Bf4+ 35. Ke4 Bb7+ 36. d5 Kd6 37. b3 Ba6 38. Rd3 Be5 39. h4 gxh4
40. Rh3 Be2 41. Kf5 Kxd5 42. Rxh4 Kd4 43. g5+ Kd5 44. g6 Bd3+ 45. Kg5 Bc2 46.
Rh7 Bxb3 47. g7 Bxg7 48. Rxg7 Bxa4 49. Kf4 b5 50. Ra7 Kc6 51. Rxa5 b4 52. Rxa4
b3 53. Rb4 Kc5 54. Rxb3 1-0

[Event "XII Festival Golfo di Napoli"]
[Site "Napoli ITA"]
[Date "1998.10.??"]
[Round "?"]
[White "D'Orta, Antonio"]
[Black "Pagano, Luigi"]
[Result "1-0"]
[WhiteElo "1873"]
[BlackElo "1842"]
[PlyCount "63"]
[EventDate "1998.10.25"]

1. e4 c5 2. d3 Nc6 3. f4 e6 4. g3 d5 5. Nc3 d4 6. Nce2 e5 7. Nf3 Bd6 8. Bg2 f5
9. fxe5 Nxe5 10. Nxe5 Bxe5 11. exf5 Ne7 12. Bg5 h6 13. Bxe7 Qxe7 14. O-O O-O
15. Bd5+ Kh8 16. Be4 Qg5 17. Qc1 Qg4 18. Qd2 Bxf5 19. Bxb7 Rab8 20. Bf3 Qg6 21.
b3 Bh3 22. Rf2 Qf5 23. Kh1 g5 24. Ng1 Rf6 25. Nxh3 Qxh3 26. Bg2 Qe6 27. Rxf6
Qxf6 28. Rf1 Qg7 29. Qf2 Bd6 30. Qf6 Be5 31. Qe6 Rd8 32. Rf7 1-0

[Event "XII Festival Golfo di Napoli"]
[Site "Napoli ITA"]
[Date "1998.10.??"]
[Round "?"]
[White "Della Ragione, Achille"]
[Black "Collutiis, Duilio"]
[Result "1/2-1/2"]
[WhiteElo "1797"]
[BlackElo "2185"]
[PlyCount "53"]
[EventDate "1998.10.25"]

1. c4 g6 2. g3 Bg7 3. Bg2 d6 4. d3 e5 5. Nc3 Nc6 6. Rb1 f5 7. e4 Nf6 8. Nge2
O-O 9. O-O Be6 10. b4 f4 11. Nd5 g5 12. b5 Ne7 13. f3 c6 14. bxc6 bxc6 15.
Nxf6+ Bxf6 16. Qa4 Qd7 17. Ba3 Ng6 18. Qb4 c5 19. Qb5 h5 20. Qxd7 Bxd7 21. Nc3
Bd8 22. Rb3 g4 23. Bc1 Bc6 24. Nd5 Bxd5 25. exd5 Bg5 26. fxg4 hxg4 27. gxf4
1/2-1/2

[Event "XII Festival Golfo di Napoli"]
[Site "Napoli ITA"]
[Date "1998.10.??"]
[Round "?"]
[White "Femiano, Andrea"]
[Black "Castrogiovanni, Carlo"]
[Result "0-1"]
[WhiteElo "2215"]
[BlackElo "2045"]
[PlyCount "64"]
[EventDate "1998.10.25"]

1. e4 c5 2. Nf3 Nc6 3. d4 cxd4 4. Nxd4 Nf6 5. Nc3 e5 6. Ndb5 d6 7. Bg5 a6 8.
Na3 b5 9. Nd5 Be7 10. Bxf6 Bxf6 11. c3 O-O 12. Nc2 Bg5 13. h4 Bh6 14. g3 Be6
15. a4 bxa4 16. Rxa4 a5 17. Bc4 Rb8 18. b3 Qd7 19. O-O Kh8 20. Nce3 f6 21. Qd3
g6 22. Rd1 f5 23. Ra2 f4 24. Ng2 g5 25. hxg5 Bxg5 26. Rda1 Bh3 27. Ne1 Qg4 28.
Nc7 Rf6 29. Qe2 f3 30. Qd1 Bg2 31. Kh2 Rh6+ 32. Kg1 Qh3 0-1

[Event "XII Festival Golfo di Napoli"]
[Site "Napoli ITA"]
[Date "1998.10.??"]
[Round "?"]
[White "Femiano, Andrea"]
[Black "Guanciale, Orazio"]
[Result "0-1"]
[WhiteElo "2215"]
[BlackElo "1789"]
[PlyCount "54"]
[EventDate "1998.10.25"]

1. e4 e6 2. d4 d5 3. e5 c5 4. Nf3 cxd4 5. Bd3 Nc6 6. O-O f6 7. Bf4 g5 8. Nxg5
fxg5 9. Qh5+ Kd7 10. Bxg5 Be7 11. Qf7 Qf8 12. Qh5 Bxg5 13. Qxg5 Qh6 14. Qg3
Nge7 15. Bb5 Nf5 16. Qf3 a6 17. c4 axb5 18. cxd5 Nxe5 19. Qb3 exd5 20. Qxd5+
Qd6 21. Qxb5+ Kd8 22. Nd2 Bd7 23. Qxb7 Bc6 24. Qb6+ Kd7 25. Qb3 Rhg8 26. f3 Ne3
27. Rf2 Rgb8 0-1

[Event "XII Festival Golfo di Napoli"]
[Site "Napoli ITA"]
[Date "1998.10.??"]
[Round "?"]
[White "Ferraro, Francesco"]
[Black "Capuano, Eugenio"]
[Result "1/2-1/2"]
[WhiteElo "2080"]
[BlackElo "2150"]
[PlyCount "55"]
[EventDate "1998.10.25"]

1. d4 Nf6 2. Bf4 g6 3. Nf3 Bg7 4. e3 d6 5. Nbd2 Nh5 6. Bg5 h6 7. Bh4 g5 8. Bg3
e6 9. Bd3 Nc6 10. c3 Bd7 11. Nc4 Qe7 12. Qe2 f5 13. Nfd2 Nxg3 14. hxg3 O-O-O
15. Nb3 Kb8 16. O-O-O d5 17. Na3 Ka8 18. Kb1 e5 19. Rc1 Rhf8 20. Rhe1 Bc8 21.
Bb5 Nb8 22. Nc5 c6 23. Bd3 Nd7 24. Nb3 Nb6 25. Nc5 Nd7 26. Nb3 Nb6 27. Nc5 Nd7
28. Nb3 1/2-1/2

[Event "XII Festival Golfo di Napoli"]
[Site "Napoli ITA"]
[Date "1998.10.??"]
[Round "?"]
[White "Ferraro, Francesco"]
[Black "Della Ragione, Achille"]
[Result "0-1"]
[WhiteElo "2080"]
[BlackElo "1797"]
[PlyCount "96"]
[EventDate "1998.10.25"]

1. d4 d5 2. Bf4 Bf5 3. e3 e6 4. Bd3 Bxd3 5. Qxd3 c6 6. Nf3 Nf6 7. Nbd2 Nbd7 8.
O-O Be7 9. Rfe1 Nh5 10. Be5 Nxe5 11. Nxe5 Nf6 12. e4 dxe4 13. Nxe4 Nxe4 14.
Rxe4 Qc7 15. c3 Bd6 16. Rae1 O-O-O 17. Qc2 Bxe5 18. dxe5 Rd7 19. f4 g6 20. Qf2
Qb6 21. Qxb6 axb6 22. Kf2 Kc7 23. Ke3 Ra8 24. a3 Rad8 25. Rd4 c5 26. Rxd7+ Rxd7
27. c4 b5 28. cxb5 Kb6 29. a4 Ka5 30. Rc1 b6 31. Rc4 Rd1 32. g4 Rb1 33. Rc2
Kxa4 34. Rd2 Kxb5 35. Kd3 Re1 36. Rf2 Rg1 37. g5 Rd1+ 38. Kc3 Rd4 39. b3 Kc6
40. Rf3 Kd5 41. Rf2 Ke4 42. Ra2 Ke3 43. Ra6 b5 44. Rb6 b4+ 45. Kc2 Rd2+ 46. Kc1
Rxh2 47. Rc6 Kd4 48. Rc7 h6 0-1

[Event "XII Festival Golfo di Napoli"]
[Site "Napoli ITA"]
[Date "1998.10.??"]
[Round "?"]
[White "Ficco, Corrado"]
[Black "Aleksic, Nenad"]
[Result "1/2-1/2"]
[WhiteElo "2175"]
[BlackElo "2445"]
[PlyCount "55"]
[EventDate "1998.10.25"]

1. Nf3 Nf6 2. d4 b6 3. g3 Bb7 4. Bg2 g6 5. c4 Bg7 6. O-O O-O 7. Nc3 Ne4 8. Nxe4
Bxe4 9. Ne1 Bxg2 10. Nxg2 c5 11. d5 d6 12. Rb1 Nd7 13. b3 a6 14. Bb2 b5 15.
Bxg7 Kxg7 16. e4 Rb8 17. Ne3 Nf6 18. Qc2 Qd7 19. Kg2 Ng4 20. Nxg4 Qxg4 21. f3
Qd7 22. f4 Rb6 23. e5 bxc4 24. bxc4 Rfb8 25. Rxb6 Rxb6 26. exd6 Qxd6 27. Rb1
Kg8 28. Rb3 1/2-1/2

[Event "XII Festival Golfo di Napoli"]
[Site "Napoli ITA"]
[Date "1998.10.??"]
[Round "?"]
[White "Ficco, Corrado"]
[Black "Saccone, Fabio"]
[Result "0-1"]
[WhiteElo "2175"]
[BlackElo "2325"]
[PlyCount "46"]
[EventDate "1998.10.25"]

1. Nf3 f5 2. e4 fxe4 3. Ng5 Nf6 4. d3 e3 5. Bxe3 e5 6. d4 exd4 7. Bxd4 Qe7+ 8.
Be2 Nc6 9. O-O Nxd4 10. Qxd4 Qxe2 11. Nc3 Qh5 12. Rfe1+ Be7 13. Rxe7+ Kxe7 14.
Re1+ Kf8 15. Nce4 d6 16. f4 Qe8 17. Kf1 Nxe4 18. Rxe4 Qb5+ 19. c4 Qc5 20. Qc3
Qf5 21. Qd3 Bd7 22. g3 h6 23. Nf3 Bc6 0-1

[Event "XII Festival Golfo di Napoli"]
[Site "Napoli ITA"]
[Date "1998.10.??"]
[Round "?"]
[White "Fumo, Guglielmo"]
[Black "Castrogiovanni, Carlo"]
[Result "1/2-1/2"]
[WhiteElo "1900"]
[BlackElo "2045"]
[PlyCount "73"]
[EventDate "1998.10.25"]

1. e4 c5 2. Nf3 Nc6 3. Bb5 e6 4. O-O Nge7 5. Re1 a6 6. Bxc6 Nxc6 7. Nc3 e5 8.
d3 Be7 9. h3 d6 10. Nd5 Be6 11. Nxe7 Qxe7 12. c3 O-O 13. d4 cxd4 14. cxd4 exd4
15. Nxd4 Rac8 16. f4 Nxd4 17. Qxd4 Rc4 18. Qd3 Rfc8 19. Bd2 d5 20. e5 g6 21.
Rac1 Qc5+ 22. Be3 Qb5 23. Qd2 Bf5 24. Rxc4 Rxc4 25. Rc1 Be4 26. Rxc4 Qxc4 27.
b3 Qb5 28. Bd4 Qd3 29. Qxd3 Bxd3 30. Bc5 Kg7 31. Be7 a5 32. Kf2 b5 33. a3 b4
34. axb4 axb4 35. Bxb4 Bc2 36. Be7 Bxb3 37. Ke3 1/2-1/2

[Event "XII Festival Golfo di Napoli"]
[Site "Napoli ITA"]
[Date "1998.10.??"]
[Round "?"]
[White "Fumo, Guglielmo"]
[Black "Femiano, Andrea"]
[Result "1/2-1/2"]
[WhiteElo "1900"]
[BlackElo "2215"]
[PlyCount "131"]
[EventDate "1998.10.25"]

1. e4 c5 2. Nf3 Nc6 3. Bb5 g6 4. O-O Bg7 5. c3 e5 6. d3 Nge7 7. Be3 d6 8. d4
cxd4 9. cxd4 O-O 10. h3 h6 11. Nc3 Kh7 12. dxe5 dxe5 13. Qa4 Be6 14. Rfd1 Qa5
15. Qxa5 Nxa5 16. Bc5 Bf6 17. Bd7 Nac6 18. Bxe6 fxe6 19. Rd7 b6 20. Ba3 Rfd8
21. Rad1 Rxd7 22. Rxd7 Rd8 23. Rc7 Rc8 24. Nb5 a6 25. Rxc8 Nxc8 26. Nc7 a5 27.
Nxe6 Be7 28. Nf8+ Kg7 29. Bxe7 N6xe7 30. Nd7 Kf7 31. Ndxe5+ Ke6 32. Ng4 h5 33.
Ne3 Nd6 34. Ng5+ Ke5 35. f3 Kf4 36. e5 Ndc8 37. Kf2 Kxg5 38. g3 Kh6 39. f4 Kg7
40. Kf3 Nf5 41. Nd5 Kf7 42. g4 hxg4+ 43. hxg4 Nh6 44. Nf6 Ke6 45. Ke4 b5 46.
Kd4 Nf7 47. Nd5 b4 48. Nc7+ Ke7 49. f5 g5 50. f6+ Kd8 51. e6 Nh6 52. Nd5 Ke8
53. Ne3 Kf8 54. Ke5 a4 55. Kd5 Ng8 56. Ke5 Nh6 57. Nd5 Nxg4+ 58. Kf5 Nf2 59.
e7+ Kf7 60. Kxg5 b3 61. axb3 axb3 62. Nc7 Ne4+ 63. Kf5 Nxf6 64. e8=Q+ Nxe8 65.
Nxe8 Kxe8 66. Ke4 1/2-1/2

[Event "XII Festival Golfo di Napoli"]
[Site "Napoli ITA"]
[Date "1998.10.??"]
[Round "?"]
[White "Fumo, Guglielmo"]
[Black "Schiappoli, Dario"]
[Result "1-0"]
[WhiteElo "1900"]
[BlackElo "1836"]
[PlyCount "57"]
[EventDate "1998.10.25"]

1. e4 c5 2. Nf3 d6 3. c3 Nf6 4. h3 Bd7 5. Bd3 Qc7 6. O-O e5 7. Bc2 Nc6 8. d3
Be7 9. Bg5 h6 10. Be3 g5 11. Nh2 O-O-O 12. Na3 Rdg8 13. Qd2 g4 14. h4 Nh5 15.
g3 Qd8 16. Kg2 Bxh4 17. Rh1 Bg5 18. Nc4 Qf6 19. Bd1 Bxe3 20. Nxe3 Qg5 21. Bxg4
Bxg4 22. Nhxg4 Nf4+ 23. Kf1 h5 24. Nh2 h4 25. gxf4 exf4 26. Neg4 Ne5 27. Rg1 h3
28. d4 Nxg4 29. Rxg4 1-0

[Event "XII Festival Golfo di Napoli"]
[Site "Napoli ITA"]
[Date "1998.10.??"]
[Round "?"]
[White "Guanciale, Orazio"]
[Black "Antignani, Luigi"]
[Result "1-0"]
[WhiteElo "1789"]
[BlackElo "2060"]
[PlyCount "95"]
[EventDate "1998.10.25"]

1. e4 e6 2. d4 d5 3. Nc3 Bb4 4. e5 c5 5. Bd2 Ne7 6. a3 Bxc3 7. Bxc3 c4 8. Qg4
Nf5 9. Nf3 Nc6 10. h4 h5 11. Qf4 Bd7 12. Rh3 Qb6 13. Rd1 O-O-O 14. Ng5 Rdf8 15.
Be2 f6 16. Nf3 fxe5 17. Nxe5 Nfxd4 18. Bxd4 Rxf4 19. Bxb6 Nxe5 20. Bxa7 Nc6 21.
Bc5 e5 22. Rg3 Rxh4 23. Rxd5 Rg8 24. Kd2 g5 25. Be3 g4 26. Bxc4 Be6 27. Rc5
Bxc4 28. Rxc4 Rh2 29. Bc5 b5 30. Re4 Rd8+ 31. Ke2 Rd5 32. b4 Kd7 33. c4 bxc4
34. Rxc4 Rh1 35. Rd3 Rxd3 36. Kxd3 Rd1+ 37. Kc2 Ra1 38. Kb2 Rd1 39. g3 Ke6 40.
a4 Kd5 41. Rc1 Rd3 42. a5 Rf3 43. Rc2 Rf7 44. a6 e4 45. b5 Ne5 46. a7 Nd3+ 47.
Kb1 Rxa7 48. Bxa7 1-0

[Event "XII Festival Golfo di Napoli"]
[Site "Napoli ITA"]
[Date "1998.10.??"]
[Round "?"]
[White "Guanciale, Orazio"]
[Black "Capuano, Eugenio"]
[Result "1/2-1/2"]
[WhiteElo "1789"]
[BlackElo "2150"]
[PlyCount "57"]
[EventDate "1998.10.25"]

1. e4 c5 2. Nf3 d6 3. Bb5+ Nd7 4. d4 Ngf6 5. O-O a6 6. Bxd7+ Nxd7 7. e5 e6 8.
Bg5 Be7 9. Bxe7 Qxe7 10. Nc3 cxd4 11. Qxd4 dxe5 12. Nxe5 Qc5 13. Qxc5 Nxc5 14.
a4 Ke7 15. Nc4 Rd8 16. b4 Nd7 17. a5 Nf6 18. Nb6 Rb8 19. Rfd1 Bd7 20. Ne2 Be8
21. c4 Nd7 22. Nxd7 Bxd7 23. c5 Be8 24. Nc3 Bc6 25. f3 f6 26. Kf2 e5 27. Ke3
Ke6 28. Ne4 Bxe4 29. fxe4 1/2-1/2

[Event "XII Festival Golfo di Napoli"]
[Site "Napoli ITA"]
[Date "1998.10.??"]
[Round "?"]
[White "Guanciale, Orazio"]
[Black "D'Orta, Antonio"]
[Result "1-0"]
[WhiteElo "1789"]
[BlackElo "1873"]
[PlyCount "107"]
[EventDate "1998.10.25"]

1. e4 c5 2. Nf3 Nf6 3. e5 Nd5 4. Nc3 e6 5. Nxd5 exd5 6. d4 Nc6 7. c4 cxd4 8.
cxd5 Qa5+ 9. Bd2 Qxd5 10. Bd3 Nxe5 11. Qe2 Bd6 12. O-O Kd8 13. Be4 Qc4 14. Qd1
d3 15. Nxe5 Bxe5 16. Ba5+ Ke7 17. Re1 d6 18. Bxd3 Qd5 19. Qd2 Be6 20. Rac1 Rac8
21. Bb4 Rc6 22. Qe2 Rxc1 23. Rxc1 Rc8 24. Rxc8 Bxc8 25. Bc4 Qd4 26. Bc3 Qf4 27.
g3 Bg4 28. gxf4 Bxe2 29. Bxe2 Bxf4 30. Kg2 Ke6 31. h3 g6 32. Kf3 Bc1 33. Bc4+
d5 34. Bb3 b5 35. a3 a5 36. a4 bxa4 37. Bxa4 Kd6 38. b3 Kc5 39. Bxa5 Ba3 40.
Ke3 f5 41. Bd8 Bc1+ 42. Kd3 Bb2 43. Be7+ Kb6 44. Be8 Be5 45. Bf7 Kc6 46. b4 f4
47. f3 Bb2 48. Be8+ Kb6 49. Bc5+ Kb7 50. b5 Be5 51. Bc6+ Kb8 52. Bxd5 h5 53.
Bf7 h4 54. Bxg6 1-0

[Event "XII Festival Golfo di Napoli"]
[Site "Napoli ITA"]
[Date "1998.10.??"]
[Round "?"]
[White "Guanciale, Orazio"]
[Black "Saccone, Fabio"]
[Result "1/2-1/2"]
[WhiteElo "1789"]
[BlackElo "2325"]
[PlyCount "53"]
[EventDate "1998.10.25"]

1. e4 c5 2. Nf3 d6 3. Bb5+ Nd7 4. d4 cxd4 5. Qxd4 Ngf6 6. O-O e5 7. Qd3 Be7 8.
Bg5 O-O 9. Bxd7 Qxd7 10. Rd1 Rd8 11. Nc3 b6 12. Bxf6 Bxf6 13. Nd5 Be7 14. Nxe5
dxe5 15. Nxe7+ Kf8 16. Qxd7 Bxd7 17. Nd5 Rac8 18. c3 Be6 19. Rd2 f6 20. Rad1
Kf7 21. f3 h6 22. Kf2 g5 23. Ne3 Rxd2+ 24. Rxd2 Ke7 25. a3 h5 26. h3 g4 27.
Nd5+ 1/2-1/2

[Event "XII Festival Golfo di Napoli"]
[Site "Napoli ITA"]
[Date "1998.10.??"]
[Round "?"]
[White "Leveque, Sergio"]
[Black "Fumo, Guglielmo"]
[Result "1-0"]
[WhiteElo "1711"]
[BlackElo "1900"]
[PlyCount "131"]
[EventDate "1998.10.25"]

1. e4 c5 2. Nc3 Nc6 3. f4 g6 4. Nf3 Bg7 5. g3 d6 6. Bg2 e6 7. O-O Nge7 8. d3
O-O 9. Be3 Nd4 10. Rb1 Nec6 11. Ne2 Nxe2+ 12. Qxe2 Qa5 13. a3 Bd7 14. c3 f5 15.
exf5 exf5 16. d4 Be6 17. Ng5 Bb3 18. d5 Nd8 19. Bd2 Qc7 20. Rfe1 Bf6 21. Qb5
Bc2 22. Rbc1 a6 23. Qf1 Bb3 24. Ne6 Nxe6 25. Rxe6 Rae8 26. Rce1 Rxe6 27. Rxe6
Ba4 28. Qc1 Bd7 29. Re2 c4 30. Be1 Re8 31. Rxe8+ Bxe8 32. Qe3 Bf7 33. Bf2 b5
34. Qa7 Qxa7 35. Bxa7 Kf8 36. Kf2 Ke8 37. Ke3 Kd7 38. Bd4 Bd8 39. h4 Ba5 40.
Bf3 h5 41. Bg2 Kc7 42. Bf3 Kb7 43. Bg2 Bd8 44. Bf3 a5 45. Bg2 Ka6 46. Kd2 Bb6
47. Ke3 Bc5 48. Bf3 b4 49. axb4 axb4 50. Bxc5 dxc5 51. cxb4 cxb4 52. Kd4 Kb5
53. d6 Be8 54. Be2 Kc6 55. Kxc4 b3 56. Bf3+ Kxd6 57. Kxb3 Kc5 58. Kc3 Bf7 59.
b4+ Kb5 60. Be2+ Kb6 61. Bc4 Be8 62. Kd4 Kc6 63. Ke5 Kb6 64. Kf6 Kc6 65. Bf7
Bd7 66. Bxg6 1-0

[Event "XII Festival Golfo di Napoli"]
[Site "Napoli ITA"]
[Date "1998.10.??"]
[Round "?"]
[White "Messina, Enrico"]
[Black "Guanciale, Orazio"]
[Result "1-0"]
[WhiteElo "2100"]
[BlackElo "1789"]
[PlyCount "60"]
[EventDate "1998.10.25"]

1. e4 e6 2. d4 d5 3. exd5 exd5 4. Nc3 Bb4 5. Bd3 Nc6 6. Nge2 Nge7 7. O-O Bf5 8.
Be3 Qd7 9. a3 Bxc3 10. Nxc3 Bxd3 11. Qxd3 Qf5 12. Qd2 Ng6 13. Ne2 O-O-O 14. b4
b6 15. a4 a5 16. c3 h5 17. Nc1 Nh4 18. Bg5 Nxg2 19. Bxd8 Rxd8 20. f4 Nh4 21.
Qf2 Rd6 22. Ne2 Rg6+ 23. Ng3 axb4 24. cxb4 Qh3 25. Kh1 Nxd4 26. Ra3 Ndf3 27.
Rd1 Qg4 28. Rdd3 Qxf4 29. Rxf3 Nxf3 30. Rxf3 Qxb4 1-0

[Event "XII Festival Golfo di Napoli"]
[Site "Napoli ITA"]
[Date "1998.10.??"]
[Round "?"]
[White "Messina, Enrico"]
[Black "Schiappoli, Dario"]
[Result "1-0"]
[WhiteElo "2100"]
[BlackElo "1836"]
[PlyCount "52"]
[EventDate "1998.10.25"]

1. e4 c5 2. Ne2 Nc6 3. c4 g6 4. Nbc3 Bg7 5. g3 Ne5 6. Ng1 d6 7. h3 Nf6 8. f4
Nc6 9. Bg2 O-O 10. Nge2 Bd7 11. O-O a6 12. d3 Rb8 13. Be3 b5 14. b3 Qa5 15. Qd2
e6 16. Rad1 Rfc8 17. g4 Kh8 18. Nb1 Qc7 19. Qe1 Re8 20. Nd2 Nb4 21. Qh4 Nxa2
22. Nf3 Bc6 23. Rd2 Nb4 24. e5 Ng8 25. f5 Bxf3 26. fxg6 fxg6 1-0

[Event "XII Festival Golfo di Napoli"]
[Site "Napoli ITA"]
[Date "1998.10.??"]
[Round "?"]
[White "Pagano, Luigi"]
[Black "Accardo, Francesco"]
[Result "0-1"]
[WhiteElo "1842"]
[BlackElo "1757"]
[PlyCount "55"]
[EventDate "1998.10.25"]

1. d4 e6 2. Nf3 Be7 3. c4 b6 4. e4 Bb7 5. Bd3 d6 6. Nc3 Nd7 7. O-O a6 8. Re1 c5
9. d5 e5 10. a3 g5 11. b4 Bc8 12. bxc5 Nxc5 13. Bc2 Bg4 14. Ba4+ Kf8 15. Bc6
Rb8 16. h3 Bc8 17. Nh2 h5 18. f3 Nh6 19. Rb1 f5 20. a4 f4 21. a5 g4 22. fxg4
Bh4 23. Rf1 hxg4 24. hxg4 Bg3 25. Rf3 Bxh2+ 26. Kxh2 Nxg4+ 27. Kg1 Qh4 28. Kf1
0-1